La energía.
¿Qué es la energía? Formas de energía. Relación entre energía lumínica y química: la energía que alimenta a los seres vivos. A.T.P. La electricidad. La resistencia eléctrica. El alternador. Uso del hidrógeno.
Guardado en:
| Formato: | |
|---|---|
| Materias: | |
| Etiquetas: |
Agregar Etiqueta
Sin Etiquetas, Sea el primero en etiquetar este registro!
|
| LEADER | 00998ngm a22002775g 4500 | ||
|---|---|---|---|
| 001 | CEM.cems022036 | ||
| 008 | 130507b1994##################0###0#####d | ||
| 005 | 20241001132001.0 | ||
| 245 | 0 | 0 | |a La energía. |
| 300 | |a 25'. | ||
| 500 | |a En soporte VHS, consultar en ventanilla. | ||
| 520 | |a ¿Qué es la energía? Formas de energía. Relación entre energía lumínica y química: la energía que alimenta a los seres vivos. A.T.P. La electricidad. La resistencia eléctrica. El alternador. Uso del hidrógeno. | ||
| 538 | |a Soporte: VHS - Norma: Pal N - Color - Grabación DRD 1994 - Hitachi=4557 | ||
| 082 | 5 | 3 | |/ CAM |
| 653 | |a FISICA | ||
| 653 | |a BIOLOGIA | ||
| 653 | |a ENERGIA | ||
| 653 | |a ENERGIA LUMINICA | ||
| 653 | |a ENERGIA QUIMICA | ||
| 653 | |a ELECTRICIDAD | ||
| 653 | |a RESISTENCIA ELECTRICA | ||
| 653 | |a ALTERNADOR | ||
| 653 | |a HIDROGENO | ||
| 653 | |a NIVEL PRIMARIO | ||
| 653 | |a NIVEL SECUNDARIO | ||
| 859 | |a CEMS |b BIB. CEMS - Depto. Recursos Didacticos |h 530 |i CAM |k DRD |p 679.12 |t Ej.1 | ||
